Municípios da Região Metropolitana de São José do Rio Preto no mapa - Statistics

Estatísticas Gerais
  • Esse quiz foi jogado 162 vezes
  • A pontuação média é 14 de 37
Respostas no mapa
Respostas codificadas por cores de uma escala verde-vermelha no mapa do quiz de acordo com a % correta abaixo.
 
Estatísticas das Respostas
Município % Correto
São José do Rio Preto
97%
Mirassol
76%
Olímpia
60%
Bady Bassitt
58%
Monte Aprazível
51%
Mirassolândia
49%
Tanabi
49%
José Bonifácio
42%
Bálsamo
40%
Ibirá
40%
Nova Granada
40%
Onda Verde
40%
Palestina
40%
Poloni
40%
Cedral
39%
Icém
39%
Potirendaba
39%
Guapiaçu
38%
Adolfo
36%
Ipiguá
36%
Uchoa
36%
Neves Paulista
35%
Orindiúva
35%
Jaci
33%
Sales
32%
Urupês
32%
Nova Aliança
31%
Paulo de Faria
31%
Zacarias
29%
Macaubal
28%
Mendonça
28%
Severínia
28%
Ubarana
26%
Nipoã
24%
União Paulista
24%
Irapuã
21%
Planalto
21%
Nenhum quiz correspondente encontrado
Distribuição das Pontuações
Porcentagem de Pessoas com Cada Pontuação
Percentil de Números Respondidos
Sua Pontuação Histórica
Você não jogou esse quiz